| 000 | nam a22 7a 4500 | ||
|---|---|---|---|
| 999 |
_c127759 _d127759 |
||
| 008 | 180323b xxu||||| |||| 00| 0 eng d | ||
| 020 | _a9782738478177 | ||
| 050 |
_aPN6327.A3 _bP944 |
||
| 100 |
_aPrevost, Liliane _940920 |
||
| 245 |
_aGuide de la sagesse Africaine _cLiliane Prevost and Barnabe Laye |
||
| 260 |
_aParis _bL'Harmattan _c1999 |
||
| 300 |
_a338p. ; _c22cm. |
||
| 650 |
_aSayings, African _940997 |
||
| 700 |
_aLaye, Barnabe _940998 |
||
| 942 |
_2lcc _cMONOGRAPH |
||